000 00550nam a22002175i 4500
001 12742
003 ES-MaACL
005 20230906150403.0
007 t|
008 920608s1992 sp ||||0| spa
020 _a84-7232-644-6
080 _a860(82)-14"19"
100 1 _aSalas, Horacio.
_9101732
245 1 0 _aAntología personal /
_cHoracio Salas.
260 _aMadrid :
_bCultura Hispánica,
_c1992.
300 _a131 p. ;
_c20 cm.
490 1 _aPoesía
830 1 _aPoesía
_9177794
852 _aES-MaACL
_jL-20127
999 _c12742
_d12742